| 000 | 00380nam a2200133Ia 4500 | ||
|---|---|---|---|
| 008 | 220217s9999||||xx |||||||||||||| ||und|| | ||
| 020 | _a981-240-640-8 | ||
| 082 | _a515 LAW | ||
| 100 |
_aLawson, John Erjavee, J.N _93260 |
||
| 245 | 0 | _aModern statistics for engineering quality improvement | |
| 260 |
_aThomson learning _bAustralia |
||
| 300 |
_b _9 |
||
| 650 | _aMATHEMATICS | ||
| 999 |
_c171269 _d171269 |
||